Finitud y culpabilidad /

Bibliographic Details
Main Author: Ricoeur, Paul
Format: Libro
Language:Spanish
Published: Madrid Trotta 2004
Subjects:
Online Access:

MARC

LEADER 00000cam a2200000 a 4500
001 002696
003 UAHC_CL
005 20170803115849.0
008 111228s2004 sp 000 spa
020 |a 8481646644 
040 |a UAHC_CL  |c UAHC_CL  |d UAHC_CL 
082 0 4 |a 194.1  |b R541  |2 21 
100 1 |a Ricoeur, Paul 
245 1 0 |a Finitud y culpabilidad /  |c Paul Ricoeur. 
260 |b Trotta  |a Madrid  |c 2004 
300 |a 494 p. 
650 4 |a FILOSOFIA FRANCESA  |y SIGLO 20 
900 |a 194.1 RIC 
942 |c BK 
952 |0 0  |1 0  |4 0  |6 194_100000000000000_RIC  |7 0  |8 General  |9 6060  |a BC  |b BC  |c General  |d 2017-08-03  |l 1  |m 1  |o 194.1 RIC  |p 1391140  |r 2026-01-07 00:00:00  |s 2023-01-23  |t 1  |w 2017-08-03  |y BK 
999 |c 2696  |d 2696